The limits of mathematics : a course on information theory and the limits of formal reasoning /
Guardado en:
| Autor Principal: | |
|---|---|
| Formato: | Libro |
| Idioma: | English |
| Publicado: |
Singapore :
Springer,
c1998.
|
| Series: | Springer series in discrete mathematics and theoretical computer science
|
| Acceso en línea: | Software para el libro Sitio web para el libro Table of contents |
| Etiquetas: |
Agregar Etiqueta
Sin Etiquetas, Sea el primero en etiquetar este registro!
|
| LEADER | 01092nam a22002295a 4500 | ||
|---|---|---|---|
| 001 | MAT.inmabb000107 | ||
| 008 | 970731s1998####si#######b####000#0#eng#d | ||
| 005 | 20160606165658.0 | ||
| 245 | 1 | 4 | |a The limits of mathematics : |b a course on information theory and the limits of formal reasoning / |c Gregory J. Chaitin. |
| 260 | |a Singapore : |b Springer, |c c1998. | ||
| 300 | |a ix, 148 p. ; |c 25 cm. | ||
| 440 | 0 | |a Springer series in discrete mathematics and theoretical computer science | |
| 504 | |a Incluye referencias bibliográficas. | ||
| 510 | 4 | |a MR, |c 98m:68056 | |
| 020 | |a 981308359X | ||
| 100 | 1 | |a Chaitin, Gregory J. | |
| 084 | |a 68Q05 (00A30 03A05 03D15 68Q30) |2 msc2000 | ||
| 010 | |a 97036103 | ||
| 856 | 4 | |3 Software para el libro |u http://library.wolfram.com/infocenter/MathSource/729 |x URL anterior: http://www.mathsource.com/Content/Applications/Complexity/0208-820 | |
| 856 | 4 | |3 Sitio web para el libro |u http://www.cs.auckland.ac.nz/CDMTCS/chaitin/lm.html | |
| 856 | 4 | 1 | |3 Table of contents |u http://www.loc.gov/catdir/enhancements/fy0902/97036103-t.html |
| 859 | |h 68 |i C435 |p A-7807 |b BIB. MATEMATICA | ||
